| 000 | 00501nam a2200169Ia 4500 | ||
|---|---|---|---|
| 005 | 20250422142312.0 | ||
| 008 | 231217s9999 xx 000 0 und d | ||
| 020 | _a9780333937198 | ||
| 082 | _a658.8 RAM;6 | ||
| 100 | _aRamaswamy V S Namakumari S | ||
| 245 | 0 | _aMarketing management: Planning implimentation and control | |
| 250 | _a3rd ed. | ||
| 260 |
_c2002 _bMcMillan india _aNew Delhi |
||
| 300 | _axxxv+748 | ||
| 650 | _aMarketing,management:,Planning,implimentation,control | ||
| 942 | _cAA | ||
| 999 |
_c179516 _d179516 |
||